USA State's License Plates quiz (with blurrs) - Statistics

General Stats
  • This quiz has been taken 165 times
  • The average score is 34 of 97
Answer Stats
Picture Answer % Correct
New York
71%
Hawaii
68%
Florida
66%
Arizona
60%
Idaho
57%
New Jersey
57%
New York
57%
New Mexico
53%
South Dakota
53%
Texas
53%
Vermont
53%
Alabama
52%
Alaska
52%
Texas
51%
Utah
51%
Delaware
50%
Maryland
50%
Colorado
49%
Georgia
49%
Minnesota
49%
Montana
49%
New Mexico
48%
South Dakota
48%
Montana
47%
Colorado
44%
Illinois
44%
South Carolina
44%
Missouri
43%
New Hampshire
43%
Kentucky
42%
Pennsylvania
42%
West Virginia
42%
Illinois
41%
New York
41%
Oregon
41%
South Carolina
41%
Washington
40%
Wisconsin
40%
Connecticut
39%
Indiana
39%
Oklahoma
39%
Washington DC
39%
Georgia
38%
Louisiana
38%
Virginia
38%
North Carolina
37%
Tennessee
37%
North Dakota
34%
Ohio
34%
Alaska
32%
Maine
32%
Nevada
32%
Oklahoma
31%
Puerto Rico
31%
Puerto Rico
31%
Rhode Island
31%
Nevada
30%
Ohio
30%
Massachusetts
29%
North Dakota
29%
US Virgin Islands
28%
Utah
28%
Arkansas
27%
Indiana
27%
Iowa
27%
Michigan
27%
Michigan
26%
Michigan
26%
Alabama
24%
California
24%
Guam
24%
Guam
24%
American Samoa
22%
American Samoa
21%
Indiana
21%
Louisiana
21%
Missouri
21%
Kansas
20%
Michigan
20%
Mississippi
20%
Northern Mariana Islands
20%
Indiana
19%
North Carolina
19%
Iowa
18%
Maryland
18%
Mississippi
18%
Mississippi
18%
Ohio
18%
Alaska
17%
Nebraska
17%
US Virgin Islands
16%
Montana
14%
Utah
14%
Nebraska
13%
Nebraska
12%
US Virgin Islands
9%
North Carolina
7%
No matching quizzes found
Score Distribution
Percent of People with Each Score
Percentile by Number Answered
Your Score History
You have not taken this quiz